Φορτώνει......

The Quick

Λεπτομέρειες βιβλιογραφικής εγγραφής
Κύριος συγγραφέας: Luren Owen
Έκδοση: Random 2014
LEADER 00159 a2200085 4500
100 |a Luren Owen 
245 |a The Quick 
260 |c 2014  |b Random 
942 |c BK  |6 _ 
999 |c 70782  |d 70782